Rǧimen laboral de los artistas en el Per ︢

Bibliographic Details
Main Author: Arce Ortiz, Elmer Guillermo
Format: eBook
Language:Spanish
Published: Lima, Per ︢: Palestra Editores, 2007.
Subjects:
Online Access:Acceso restringido

MARC

LEADER 00000nam a2200000 4500
005 20120525135628.0
007 cr|||| ||||
008 100323s20079999pe s 000 0 spa d
020 |a 978-9972-224-88-1  
035 |a 4873 
040 |d BUS  |d vLex 
090 |c 3150  |d 3150 
100 1 |a Arce Ortiz, Elmer Guillermo. 
245 1 0 |a Rǧimen laboral de los artistas en el Per ︢  |h [Recurso electrn̤ico] /  |c Elmer Guillermo Arce Ortiz  
256 |a Servicio en ln̕ea. 
260 |a Lima, Per ︢:  |b Palestra Editores,  |c 2007. 
300 |a 1 recurso electrn̤ico 
500 |a Cada institucin̤ del derecho del trabajo es analizada desde el punto de vista del trabajo arts̕tico, incidiendo en la necesidad de reformas normativas en este campo, a partir de la especial y distinta naturaleza de la relacin̤ laboral del artista.  
506 0 |a Contenido solo disponible en los productos indicados  |d vLex Global   |d vLex Global (Academic Edition, excluding Law Schools)   |d vLex Global (U.S. Academic Edition, Law Schools)   |d vLex Global (U.S. Academic Edition, excluding Law Schools)   |d vLex Global (Academic Edition, Law Schools)  
650 0 4 |a Normas de trabajo  |x Publicaciones perid̤icas. 
650 0 4 |a Artistas  |x Publicaciones perid̤icas. 
740 0 |a vLex Libros (Servicio en ln̕ea) 
856 4 0 |u http://vlex.com/source/regimen-laboral-artistas-peru-4873  |z Acceso restringido 
942 |c BOOK